Statistics for Europa League Winners Tile Select

Click here to take the quiz!

General Stats

  • This quiz has been taken 40 times
    (25 since last reset)
  • The average score is 40 of 64

Answer Stats

QuestionTileSelect% Correct
Europa League / UEFA Cup WinnersChelseaYes
92%
Europa League / UEFA Cup WinnersClub BruggeNo
92%
Europa League / UEFA Cup WinnersAtletico MadridYes
88%
Europa League / UEFA Cup WinnersEspanyolNo
83%
Europa League / UEFA Cup WinnersFenerbahçeNo
83%
Europa League / UEFA Cup WinnersTorinoNo
83%
Europa League / UEFA Cup WinnersAthletic BilbaoNo
79%
Europa League / UEFA Cup WinnersEvertonNo
79%
Europa League / UEFA Cup WinnersInter MilanYes
79%
Europa League / UEFA Cup WinnersJuventusYes
79%
Europa League / UEFA Cup WinnersKölnNo
79%
Europa League / UEFA Cup WinnersLyonNo
79%
Europa League / UEFA Cup WinnersManchester CityNo
79%
Europa League / UEFA Cup WinnersSpartak MoscowNo
79%
Europa League / UEFA Cup WinnersTwenteNo
79%
Europa League / UEFA Cup WinnersAston VillaNo
75%
Europa League / UEFA Cup WinnersDundee UnitedNo
75%
Europa League / UEFA Cup WinnersLeeds UnitedNo
75%
Europa League / UEFA Cup WinnersLiverpoolYes
75%
Europa League / UEFA Cup WinnersNewcastle UnitedNo
75%
Europa League / UEFA Cup WinnersParis Saint-GermainNo
75%
Europa League / UEFA Cup WinnersRosenborgNo
75%
Europa League / UEFA Cup WinnersSaint-EtienneNo
71%
Europa League / UEFA Cup WinnersEintracht FrankfurtYes
67%
Europa League / UEFA Cup WinnersFiorentinaNo
67%
Europa League / UEFA Cup WinnersManchester UnitedYes
67%
Europa League / UEFA Cup WinnersMarseilleNo
67%
Europa League / UEFA Cup WinnersPortoYes
67%
Europa League / UEFA Cup WinnersSevilla FCYes
67%
Europa League / UEFA Cup WinnersSteaua BucureștiNo
67%
Europa League / UEFA Cup WinnersWerder BremenNo
67%
Europa League / UEFA Cup WinnersAjaxYes
63%
Europa League / UEFA Cup WinnersDynamo KievNo
63%
Europa League / UEFA Cup WinnersPSV EindhovenYes
63%
Europa League / UEFA Cup WinnersReal MadridYes
63%
Europa League / UEFA Cup WinnersRed Star BelgradeNo
63%
Europa League / UEFA Cup WinnersAS RomaNo
58%
Europa League / UEFA Cup WinnersBayern MunichYes
58%
Europa League / UEFA Cup WinnersFeyenoordYes
58%
Europa League / UEFA Cup WinnersHamburgNo
58%
Europa League / UEFA Cup WinnersOlympiacosNo
58%
Europa League / UEFA Cup WinnersTottenham HotspurYes
58%
Europa League / UEFA Cup WinnersVillarrealYes
58%
Europa League / UEFA Cup WinnersZenit Saint PetersburgYes
58%
Europa League / UEFA Cup WinnersGalatasarayYes
54%
Europa League / UEFA Cup WinnersLazioNo
54%
Europa League / UEFA Cup WinnersCelticNo
50%
Europa League / UEFA Cup WinnersShakhtar DonetskYes
50%
Europa League / UEFA Cup WinnersSporting CPNo
50%
Europa League / UEFA Cup WinnersArsenalNo
46%
Europa League / UEFA Cup WinnersBorussia MönchengladbachYes
46%
Europa League / UEFA Cup WinnersValenciaYes
46%
Europa League / UEFA Cup WinnersAC MilanNo
42%
Europa League / UEFA Cup WinnersCSKA MoscowYes
42%
Europa League / UEFA Cup WinnersIpswich TownYes
42%
Europa League / UEFA Cup WinnersBenficaNo
38%
Europa League / UEFA Cup WinnersFC BarcelonaNo
38%
Europa League / UEFA Cup WinnersNapoliYes
38%
Europa League / UEFA Cup WinnersParmaYes
38%
Europa League / UEFA Cup WinnersAnderlechtYes
33%
Europa League / UEFA Cup WinnersBorussia DortmundNo
33%
Europa League / UEFA Cup WinnersBayer LeverkusenYes
29%
Europa League / UEFA Cup WinnersSchalke 04Yes
29%
Europa League / UEFA Cup WinnersGöteborgYes
21%

Score Distribution

Percentile by Number Answered

Percent of People with Each Score

Your Score History

You have not taken this quiz since the last reset